Prvé husle hrá Mitsubishi

Technológia priameho vstrekovania paliva do motora, ktorú ako prvá zaviedla firma Mitsubishi. Rozdiel od starších systémov. Úspora paliva pri motore EDI (s priamym vstrekovaním).

Saved in:
Bibliographic Details
Main Author: Andrejčák, Tomáš
Format: Book Chapter
Language:Slovak
Subjects:
Tags: Add Tag
No Tags, Be the first to tag this record!

MARC

LEADER 00000naa a2200000 4500
001 r026552
005 20251104123630.1
041 0 |a slo 
044 |a SK 
245 1 0 |a Prvé husle hrá Mitsubishi  |c Tomáš Andrejčák 
520 |a Technológia priameho vstrekovania paliva do motora, ktorú ako prvá zaviedla firma Mitsubishi. Rozdiel od starších systémov. Úspora paliva pri motore EDI (s priamym vstrekovaním). 
610 2 0 |a automobily 
610 2 0 |a motorizmus 
610 2 0 |a Mitsubishi 
100 1 |a Andrejčák, Tomáš